| 000 | 00508nam a2200181Ia 4500 | ||
|---|---|---|---|
| 005 | 20250923144437.0 | ||
| 008 | 008 250917s9999 xx 000 0 eng d | ||
| 037 | _aTextual | ||
| 040 |
_aDSWL _beng _cDSWL |
||
| 041 |
_aeng _2eng |
||
| 084 |
_aY:A:9, H1 _qDSWL |
||
| 100 |
_aRosen, S. Mckee _9824948 |
||
| 245 | 0 |
_aTechnology and society _cby S. Mckee Rosen |
|
| 260 |
_aNew York _b Mcmillan _c1941 |
||
| 300 | _a474 p. | ||
| 942 |
_cTEXL _hY:A:9, H1 |
||
| 999 |
_c1438945 _d1438945 |
||